000 00246nam a22001217a 4500
008 170920b xxu||||| |||| 00| 0 eng d
041 _aeng
080 _a7
100 _a45
101 _aART
245 _aDRAW 3-D
_cDUBOSQUE,D
942 _2udc
_cBK
999 _c28486
_d28486